000
00230 a2200097 4500
001
45651
100
_a
Dante A
245
_a
The divine comedy of donate almightier
260
_a
Chicago
_b
William Benton
_c
090
_c
28828
_d
28828
942
_a
NUST-CAE
_c
M
_c
20922
999
_c
280724
_d
280724